| 000 | 00720npc a2200217Ia 4500 | ||
|---|---|---|---|
| 001 | onu21-2740 [d000002879] | ||
| 003 | IT-MiCISF | ||
| 008 | 161014s9999||||xx | und|| | ||
| 040 |
_aIT-MiCISF _cIT-MiCISF |
||
| 041 | _aen | ||
| 100 | _aAA.VV. | ||
| 240 | _aThe State of World Population 1997 | ||
| 245 | 4 |
_aThe State of World Population 1997 _bThe Right to Choose: Reproductive Rights and Reproductive Health |
|
| 250 | _a1a ed. | ||
| 260 |
_a New York _bUNFPA _c1997 |
||
| 300 | _app. 76 | ||
| 500 | _aUnited Nations Population Fund / popolazione, procreazione, sessualità, educazione, pianificazione-familiare, mortalità / | ||
| 650 | _apopolazione | ||
| 942 | _cDD | ||
| 957 | _71 | ||
| 999 |
_a2740 _bsi _g1 _c206031 _d206031 |
||